3-manifolds /

Guardado en:
Autor Principal: Hempel, John, 1935-
Formato: Libro
Idioma:English
Publicado: Princeton, N.J. : Princeton University Press, 1976.
Series:Annals of mathematics studies ; no. 86
Materias:
Etiquetas: Agregar Etiqueta
Sin Etiquetas, Sea el primero en etiquetar este registro!
LEADER 00789cam a2200253 a 4500
001 MAT.inmabb002610
008 760630s1976####njua#####b####001#0#eng##
005 20110316155028.0
245 1 0 |a 3-manifolds /  |c by John Hempel. 
260 |a Princeton, N.J. :  |b Princeton University Press,  |c 1976. 
300 |a xii, 195 p. :  |b il. ;  |c 25 cm. 
440 0 |a Annals of mathematics studies ;  |v no. 86 
504 |a Bibliografía: p. 185-191. 
510 4 |a MR,  |c 54 #3702 
020 |a 0691081786 
020 |a 0691081832 (paperback) 
100 1 |a Hempel, John,  |d 1935- 
246 3 |a Three-manifolds 
650 0 |a Three-manifolds (Topology) 
650 0 |a Piecewise linear topology. 
084 |a 57N10  |2 msc2000 
010 |a  76003027  
040 |a DLC  |c DLC  |d DLC 
859 |h 57  |i H491  |p A-5035  |b BIB. MATEMATICA